Authoritarian states leaders - Statistics

General Stats
  • This quiz has been taken 19 times
  • The average score is 10 of 13
Answer Stats
Hint Answer % Correct
Mao China
100%
Mussolini Italy
100%
Hitler Germany
94%
Saddam Hussein Iraq
94%
Pol Pot Cambodia
83%
Pinochet Chile
83%
Castro Cuba
83%
Franco Spain
83%
Pilsudski Poland
78%
Nasser Egypt
72%
Duvalier Haiti
56%
Somoza Nicaragua
39%
Zia ul Hag Pakistan
22%
No matching quizzes found
Score Distribution
Percent of People with Each Score
Percentile by Number Answered
Your Score History
You have not taken this quiz